[Event "BL1011 Griesheim - SG Trier"]
[Site "schachbundesliga.de"]
[Date "2010.10.08"]
[Round "7.4"]
[White "Jakubowski, Krzysztof"]
[Black "Bobras, Piotr"]
[Result "1/2-1/2"]
[WhiteElo "2500"]
[BlackElo "2535"]
[PlyCount "109"]
[EventDate "2010.??.??"]

1. c4 Nf6 2. Nc3 e5 3. g3 d5 4. cxd5 Nxd5 5. Bg2 Nb6 6. Nf3 Nc6 7. O-O Be7 8.
a3 O-O 9. b4 Be6 10. d3 f6 11. Bb2 Qd7 12. Ne4 a5 13. b5 Na7 14. a4 c6 15. bxc6
Nxc6 16. Nfd2 Rac8 17. Nb3 Bd5 18. Nec5 Bxc5 19. Nxc5 Qf7 20. Bh3 Rce8 21. e4
Ba2 22. Kg2 Kh8 23. Ba3 Nd4 24. Qd2 Bb3 25. Rab1 Nxa4 26. Nxa4 Bxa4 27. Bxf8
Rxf8 28. Qxa5 Bc2 29. Rb2 Bxd3 30. Re1 b5 31. Re3 Bc4 32. Qa3 Rd8 33. Qa5 Rb8
34. Bg4 Qb7 35. h4 b4 36. Qc5 Bg8 37. f3 h6 38. Re1 b3 39. Ra1 Ra8 40. Rxa8
Qxa8 41. Rf2 Qa1 42. Qb6 Qe1 43. Rf1 Qc3 44. Qb8 Qc4 45. Rf2 Nc2 46. h5 Ne3+
47. Kh3 Nd1 48. Rd2 Qf1+ 49. Kh4 Qh1+ 50. Bh3 Qxf3 51. Rd8 Qxe4+ 52. Bg4 Qh1+
53. Bh3 Qe4+ 54. Bg4 Qh1+ 55. Bh3 1/2-1/2

[Event "BL1011 Griesheim - SG Trier"]
[Site "schachbundesliga.de"]
[Date "2010.10.08"]
[Round "7.5"]
[White "Cyborowski, Lukasz"]
[Black "Murdzia, Piotr"]
[Result "1/2-1/2"]
[WhiteElo "2531"]
[BlackElo "2477"]
[PlyCount "72"]
[EventDate "2010.??.??"]

1. Nf3 d5 2. d4 Nf6 3. c4 c6 4. Nc3 dxc4 5. a4 Bf5 6. Ne5 Nbd7 7. Nxc4 Qc7 8.
g3 e5 9. dxe5 Nxe5 10. Bf4 Nfd7 11. Bg2 Be6 12. Nxe5 Nxe5 13. O-O Be7 14. Qc2
Rd8 15. Nb5 Qb8 16. Qc3 Bf6 17. Nd4 Bc8 18. Nb3 g5 19. Bc1 O-O 20. Nc5 h6 21.
Qc2 Ng6 22. Be3 Bg7 23. Rad1 b6 24. Nd3 c5 25. b4 cxb4 26. Nxb4 Ne7 27. Bc1 Bb7
28. Bxb7 Qxb7 29. Ba3 Rfe8 30. Qc4 Rd7 31. Qb5 Red8 32. Rc1 Qe4 33. e3 Qf3 34.
Nc6 Nxc6 35. Qxc6 Qxc6 36. Rxc6 Rd3 1/2-1/2

[Event "BL1011 Griesheim - SG Trier"]
[Site "schachbundesliga.de"]
[Date "2010.10.08"]
[Round "7.6"]
[White "Grabarczyk, Bogdan"]
[Black "Jaracz, Pawel"]
[Result "0-1"]
[WhiteElo "2448"]
[BlackElo "2543"]
[PlyCount "130"]
[EventDate "2010.??.??"]

1. e4 c5 2. Nf3 e6 3. d4 cxd4 4. Nxd4 Nc6 5. Nb5 d6 6. c4 Nf6 7. N1c3 a6 8. Na3
Be7 9. Be2 b6 10. O-O Bb7 11. Be3 O-O 12. Qb3 Nd7 13. Qc2 Nc5 14. f3 Bf6 15.
Rad1 Qc7 16. Qd2 Rfd8 17. Bg5 Bxg5 18. Qxg5 Nb4 19. Rd2 h6 20. Qh4 Nd7 21. Rfd1
Nf6 22. Qg3 Nh5 23. Qf2 Nf6 24. Qg3 Nh5 25. Qf2 Rab8 26. Bf1 Nf6 27. Nc2 Nxc2
28. Rxc2 Bc6 29. Nd5 Bxd5 30. cxd5 Qb7 31. dxe6 fxe6 32. Qg3 e5 33. Bc4+ Kh8
34. Be6 Qe7 35. Bf5 d5 36. Rdc1 dxe4 37. fxe4 Qd6 38. Rc7 Qd4+ 39. Kf1 Ne8 40.
Rf7 Kg8 41. Be6 Kh7 42. Bf5+ Kg8 43. Qb3 Qd3+ 44. Qxd3 Rxd3 45. Ra7 Rd2 46. b4
a5 47. b5 Rbd8 48. Bg6 Rb2 49. Bxe8 Rxe8 50. Rcc7 Rf8+ 51. Ke1 Rxg2 52. Rab7
Rf6 53. h4 h5 54. Re7 Rf4 55. Rxb6 Rxh4 56. Kf1 Rxa2 57. Kg1 Rg4+ 58. Kh1 Rh4+
59. Kg1 Rxe4 60. Kf1 Rf4+ 61. Kg1 Rb4 62. Rb8+ Kh7 63. Rf7 Rb1+ 64. Rf1 Rxf1+
65. Kxf1 Rb2 0-1

[Event "BL1011 Griesheim - SG Trier"]
[Site "schachbundesliga.de"]
[Date "2010.10.08"]
[Round "7.8"]
[White "Walter, Stefan"]
[Black "Kolbus, Dietmar"]
[Result "1-0"]
[WhiteElo "2321"]
[BlackElo "2332"]
[PlyCount "153"]
[EventDate "2010.??.??"]

1. d4 Nf6 2. Nf3 g6 3. Bf4 Bg7 4. e3 O-O 5. Be2 b6 6. O-O Bb7 7. h3 c5 8. Nbd2
d6 9. c3 Nbd7 10. a4 a6 11. Qb1 Ra7 12. e4 Qa8 13. d5 Re8 14. Re1 Qb8 15. Bf1
Nf8 16. Bh2 Qd8 17. Ra3 N6d7 18. Qa2 Qc7 19. Bc4 Bc8 20. Qb3 Ne5 21. Nxe5 dxe5
22. Kh1 Kh8 23. Bf1 Ra8 24. Rea1 f6 25. Qd1 Rd8 26. Qe1 Bh6 27. Nc4 Rb8 28. f3
Bd7 29. Qh4 Bg7 30. f4 exf4 31. Bxf4 Qa7 32. Bxb8 Rxb8 33. Qf4 Be8 34. e5 Rd8
35. Rd1 fxe5 36. Nxe5 Bf6 37. Raa1 Qb8 38. Nd3 Qxf4 39. Nxf4 Ra8 40. Re1 Bf7
41. Ne6 a5 42. Bb5 Kg8 43. Rad1 Bh4 44. Re3 Rb8 45. g3 Bf6 46. Kh2 g5 47. Nxf8
Rxf8 48. d6 Rd8 49. d7 Kf8 50. Re4 h6 51. Rd2 Bg8 52. Bc4 Bh7 53. Re6 Bg8 54.
Re4 Bh7 55. Re1 Bf5 56. Be6 Bg6 57. Rc1 Bf7 58. Bxf7 Kxf7 59. Re1 Bg7 60. Kg2
Bf6 61. Ree2 Bg7 62. Kf3 Bf6 63. Rd5 Bg7 64. Kg4 e6 65. Rd6 Bf8 66. Rexe6 Bxd6
67. Rxd6 Ke7 68. Rd1 Ke6 69. Kh5 Kf6 70. c4 Ke6 71. Kxh6 Kf6 72. Rd6+ Ke5 73.
Rd5+ Kf6 74. Kh5 Rh8+ 75. Kg4 Rd8 76. b3 Ke7 77. Kxg5 1-0

[Event "BL 1011 SC Remagen - Solinger SG"]
[Site "?"]
[Date "2011.02.04"]
[Round "7.1"]
[White "Smeets, Jan"]
[Black "Parligras, Mircea"]
[Result "1/2-1/2"]
[WhiteElo "2669"]
[BlackElo "2601"]
[PlyCount "51"]
[EventDate "2011.??.??"]

1. e4 c6 2. d4 d5 3. Nc3 dxe4 4. Nxe4 Bf5 5. Ng3 Bg6 6. h4 h6 7. Nf3 Nd7 8. h5
Bh7 9. Bd3 Bxd3 10. Qxd3 e6 11. Bd2 Ngf6 12. O-O-O Be7 13. Kb1 Qb6 14. Rhe1 O-O
15. Nf5 Bb4 16. Bxb4 Qxb4 17. a3 Qb6 18. Ne3 Qc7 19. Rh1 Rad8 20. Qe2 c5 21. g4
cxd4 22. Rxd4 Nc5 23. Rhd1 Rxd4 24. Rxd4 Rd8 25. Qd1 Rd7 26. Rxd7 1/2-1/2

[Event "BL 1011 SC Remagen - Solinger SG"]
[Site "?"]
[Date "2011.02.04"]
[Round "7.2"]
[White "Goloshchapov, Alexander"]
[Black "Stellwagen, Daniel"]
[Result "1/2-1/2"]
[WhiteElo "2576"]
[BlackElo "2635"]
[PlyCount "100"]
[EventDate "2011.??.??"]

1. d4 Nf6 2. c4 g6 3. Nf3 Bg7 4. g3 O-O 5. Bg2 c6 6. Nc3 d5 7. cxd5 cxd5 8. Ne5
e6 9. O-O Nfd7 10. Nf3 Nf6 11. Bf4 Nc6 12. Rc1 Bd7 13. Bd6 Re8 14. Nb5 Ne4 15.
Bc7 Qe7 16. Nd2 Nxd2 17. Qxd2 Rec8 18. e3 Qb4 19. Qxb4 Nxb4 20. Nd6 Nxa2 21.
Nxc8 Nxc1 22. Ne7+ Kf8 23. Nxg6+ fxg6 24. Bd6+ Ke8 25. Rxc1 Bc6 26. f4 Kd7 27.
Ba3 a5 28. Bf1 Bf8 29. Bxf8 Rxf8 30. Kf2 Kd6 31. Bd3 a4 32. Ke2 b5 33. b4 axb3
34. Rb1 Ra8 35. Rxb3 Kc7 36. Rb2 Kb6 37. Kd2 Ra1 38. Bb1 Ka5 39. Kc3 Ra3+ 40.
Kd2 b4 41. Rc2 Kb6 42. Rb2 Kb5 43. Rc2 Ra1 44. Kc1 Kb6 45. Ra2 Rxa2 46. Bxa2
Bb5 47. Bb1 Be2 48. Kd2 Bg4 49. Bd3 Ka5 50. Kc1 Bf5 1/2-1/2

[Event "BL 1011 SC Remagen - Solinger SG"]
[Site "?"]
[Date "2011.02.04"]
[Round "7.3"]
[White "L'Ami, Erwin"]
[Black "Dgebuadze, Alexandre"]
[Result "1-0"]
[WhiteElo "2624"]
[BlackElo "2524"]
[PlyCount "77"]
[EventDate "2011.??.??"]

1. d4 e6 2. c4 Nf6 3. Nf3 Bb4+ 4. Bd2 a5 5. Nc3 b6 6. e3 Bb7 7. Bd3 d6 8. O-O
Nbd7 9. a3 Bxc3 10. Bxc3 Be4 11. Be2 h6 12. Nd2 Bb7 13. f3 O-O 14. Rf2 Re8 15.
Nf1 e5 16. d5 a4 17. g4 Nc5 18. Ng3 Bc8 19. Kh1 Bd7 20. Rg2 Nh7 21. Qc2 Nf8 22.
Rag1 Ng6 23. Nh5 Qh4 24. Be1 Qg5 25. Qc3 f6 26. h4 Nxh4 27. f4 Ne4 28. Qc1 exf4
29. exf4 Nxg2 30. fxg5 Nxe1 31. Rxe1 hxg5 32. Kg2 Re5 33. Bf3 Rae8 34. Qc2 f5
35. Bxe4 fxe4 36. Kh3 R8e7 37. Re3 b5 38. Ng3 Be8 39. Nf5 1-0

[Event "BL 1011 SC Remagen - Solinger SG"]
[Site "?"]
[Date "2011.02.04"]
[Round "7.4"]
[White "Teske, Henrik"]
[Black "Werle, Jan"]
[Result "1/2-1/2"]
[WhiteElo "2522"]
[BlackElo "2574"]
[PlyCount "51"]
[EventDate "2011.??.??"]

1. Nf3 Nf6 2. c4 e6 3. Nc3 Bb4 4. g3 Bxc3 5. bxc3 O-O 6. Bg2 d6 7. O-O e5 8. c5
e4 9. Ng5 d5 10. d4 h6 11. Nh3 Nc6 12. f3 Re8 13. g4 e3 14. Nf4 Na5 15. Qe1 Nc4
16. Qg3 c6 17. h4 Nh7 18. Nd3 Qa5 19. Nb4 Qa4 20. f4 a5 21. Nd3 Qc2 22. g5 Bf5
23. gxh6 g6 24. h5 Re6 25. Ne5 Nxe5 26. fxe5 1/2-1/2

[Event "BL 1011 SC Remagen - Solinger SG"]
[Site "?"]
[Date "2011.02.04"]
[Round "7.7"]
[White "Ernst, Sipke"]
[Black "Kipper, Jens"]
[Result "1/2-1/2"]
[WhiteElo "2587"]
[BlackElo "2394"]
[PlyCount "74"]
[EventDate "2011.??.??"]

1. d4 e6 2. Nf3 Nf6 3. c4 d5 4. Nc3 Bb4 5. Bg5 Nbd7 6. cxd5 exd5 7. e3 c5 8.
Bd3 Qa5 9. Qc2 c4 10. Bf5 O-O 11. O-O Re8 12. Nd2 g6 13. Bh3 Kg7 14. Rfd1 h6
15. Bh4 g5 16. Bxd7 Bxd7 17. Bg3 Bxc3 18. Qxc3 Qxc3 19. bxc3 Ne4 20. Nxe4 Rxe4
21. a4 Rae8 22. Rdb1 Bc6 23. Rb4 f6 24. a5 R8e7 25. Kf1 Kg6 26. Ke2 a6 27. Kd2
h5 28. h4 gxh4 29. Bf4 Kf5 30. f3 Rxf4 31. exf4 Rg7 32. Ke3 Rxg2 33. Rbb1 h3
34. Rg1 Rc2 35. Rgc1 Rg2 36. Rg1 Rc2 37. Rgc1 Rg2 1/2-1/2

[Event "BL 1011 SC Remagen - Solinger SG"]
[Site "?"]
[Date "2011.02.04"]
[Round "7.8"]
[White "Schulz, Klaus-Juergen"]
[Black "Naumann, Alexander"]
[Result "0-1"]
[WhiteElo "2373"]
[BlackElo "2544"]
[PlyCount "170"]
[EventDate "2011.??.??"]

1. e4 c6 2. d4 d5 3. Nc3 dxe4 4. Nxe4 Bf5 5. Ng3 Bg6 6. Nh3 e6 7. Nf4 Bd6 8. h4
Qc7 9. Nxg6 hxg6 10. Ne4 Bf4 11. Bxf4 Qxf4 12. Qd3 Nf6 13. Nxf6+ Qxf6 14. g3
Nd7 15. f4 Qf5 16. Qxf5 gxf5 17. Bg2 O-O-O 18. Rd1 Nf6 19. Ke2 Rd6 20. Bf3 Rhd8
21. Ke3 Kc7 22. Rd3 Nd7 23. b3 b5 24. Rc1 Nb6 25. Rcd1 a5 26. Rg1 g6 27. Rc1 a4
28. Rh1 b4 29. Rc1 axb3 30. axb3 Ra8 31. Rh1 Ra2 32. Kd2 Nc8 33. h5 gxh5 34.
Rxh5 Rd7 35. g4 fxg4 36. Bxg4 f5 37. Bd1 Nd6 38. Rh6 Ne4+ 39. Ke3 Kd6 40. Bf3
Nc3 41. Rd2 Rg7 42. Rh3 Ra1 43. Kd3 Rf1 44. Kc4 Rb7 45. Rdh2 Nd5 46. Rh1 Rxh1
47. Rxh1 Nxf4 48. Rh8 Nd5 49. Rd8+ Kc7 50. Rf8 Nb6+ 51. Kd3 Kd6 52. Rd8+ Rd7
53. Rb8 Kc7 54. Re8 Rd6 55. Re7+ Kd8 56. Rb7 c5 57. Ke3 cxd4+ 58. Kf4 Nd7 59.
Rxb4 Ke7 60. Kg5 Ne5 61. Bh5 Rc6 62. Bd1 Rd6 63. Rb7+ Rd7 64. Rb5 Nf7+ 65. Kg6
Nd6 66. Ra5 Ne4 67. Be2 Nf6 68. Bc4 Ng4 69. Kg5 Ne3 70. Bd3 Rc7 71. Ra2 Kd6 72.
Ra4 Ke5 73. Ra5+ Nd5 74. Bc4 Rg7+ 75. Kh4 Rg2 76. Bxd5 exd5 77. Rc5 f4 78. Rc8
f3 79. Rf8 Ke4 80. Re8+ Kf4 81. Rf8+ Ke3 82. Re8+ Kd2 83. Rf8 Kxc2 84. b4 d3
85. Rc8+ Kb3 0-1

[Event "BL 1011 SV Mülheim Nord - SF Katernberg"]
[Site "?"]
[Date "2011.02.04"]
[Round "7.2"]
[White "Tregubov, Pavel V"]
[Black "Chuchelov, Vladimir"]
[Result "1/2-1/2"]
[WhiteElo "2598"]
[BlackElo "2565"]
[PlyCount "113"]
[EventDate "2011.??.??"]

1. d4 Nf6 2. c4 e6 3. Nf3 b6 4. g3 Ba6 5. Nbd2 Bb4 6. Qc2 Bb7 7. Bg2 c5 8. dxc5
Bxc5 9. O-O Qc7 10. b3 Be7 11. Bb2 d6 12. e4 Nbd7 13. Nd4 O-O 14. Nb5 Qb8 15.
Qd3 a6 16. Nd4 Qc7 17. Rae1 Rfe8 18. Qe2 Bf8 19. h3 g6 20. Rc1 Rac8 21. Rfe1
Qb8 22. Qe3 Ba8 23. a4 e5 24. Nc2 b5 25. axb5 axb5 26. Ba3 bxc4 27. bxc4 Rc7
28. Nb4 Qa7 29. Nd5 Bxd5 30. cxd5 Qxe3 31. fxe3 Rec8 32. Rxc7 Rxc7 33. Rc1
Rxc1+ 34. Bxc1 Nb6 35. Kf2 Nfd7 36. Nb3 Nc5 37. Nxc5 dxc5 38. Ke2 c4 39. Bd2
Na4 40. Ba5 Bd6 41. Kd2 h5 42. g4 hxg4 43. hxg4 Kf8 44. Bf3 Ke7 45. Be2 Nc5 46.
Kc3 Nxe4+ 47. Kxc4 Ba3 48. Be1 Kd6 49. Bf3 Ng5 50. Bg2 Bc5 51. e4 f6 52. Ba5
Nf7 53. Bf1 Ba3 54. Be2 Kd7 55. Kb3 Bc5 56. Kc4 Ba3 57. Bd1 1/2-1/2

[Event "BL 1011 SV Mülheim Nord - SF Katernberg"]
[Site "?"]
[Date "2011.02.04"]
[Round "7.3"]
[White "Bischoff, Klaus"]
[Black "Landa, Konstantin"]
[Result "1/2-1/2"]
[WhiteElo "2553"]
[BlackElo "2611"]
[PlyCount "57"]
[EventDate "2011.??.??"]

1. c4 e6 2. Nc3 d5 3. d4 Bb4 4. cxd5 exd5 5. a3 Bxc3+ 6. bxc3 Nf6 7. e3 Bf5 8.
f3 O-O 9. Ne2 Re8 10. Ra2 Qd6 11. g4 Bg6 12. Bg2 Nbd7 13. O-O Nb6 14. Nf4 Qc6
15. Qb3 Rad8 16. a4 a5 17. h4 h5 18. g5 Nfd7 19. e4 Nf8 20. Nd3 Qc4 21. Qxc4
Nxc4 22. Re1 Ne6 23. Bf1 c6 24. Nf4 Nxf4 25. Bxf4 Nd6 26. Bg2 dxe4 27. Bxd6
Rxd6 28. fxe4 c5 29. Rd2 1/2-1/2

[Event "BL 1011 SV Mülheim Nord - SF Katernberg"]
[Site "?"]
[Date "2011.02.04"]
[Round "7.4"]
[White "Berelowitsch, Alexander"]
[Black "Firman, Nazar"]
[Result "1-0"]
[WhiteElo "2574"]
[BlackElo "2551"]
[PlyCount "69"]
[EventDate "2011.??.??"]

1. e4 e6 2. d4 d5 3. Nd2 Nf6 4. e5 Nfd7 5. Bd3 c5 6. c3 b6 7. Ne2 Ba6 8. Bxa6
Nxa6 9. O-O Nc7 10. Nf4 g6 11. Re1 Bg7 12. Nf3 O-O 13. Bd2 b5 14. h4 b4 15.
cxb4 cxd4 16. Rc1 Rc8 17. h5 Na8 18. hxg6 hxg6 19. Nd3 Nab6 20. b3 f6 21. Nxd4
fxe5 22. Nxe6 Qf6 23. Nxf8 Rxf8 24. Qg4 Rf7 25. Bc3 d4 26. Bd2 Nd5 27. Rc8+ Nf8
28. b5 Qd6 29. Rc6 Qa3 30. Nxe5 Qxa2 31. Nxf7 Qxd2 32. Re8 Nf6 33. Rxf6 Bxf6
34. Qxg6+ Bg7 35. Ng5 1-0

[Event "BL 1011 SV Mülheim Nord - SF Katernberg"]
[Site "?"]
[Date "2011.02.04"]
[Round "7.5"]
[White "Zaragatski, Ilja"]
[Black "Hausrath, Daniel"]
[Result "1/2-1/2"]
[WhiteElo "2490"]
[BlackElo "2537"]
[PlyCount "56"]
[EventDate "2011.??.??"]

1. Nf3 c5 2. g3 g6 3. Bg2 Bg7 4. d4 cxd4 5. Nxd4 Nc6 6. Nb3 Nf6 7. Nc3 O-O 8.
e4 d6 9. Nd5 Nd7 10. O-O b5 11. c3 a5 12. Nd4 Nxd4 13. cxd4 e6 14. Nc3 b4 15.
Na4 Ba6 16. Re1 Bb5 17. Be3 Qb8 18. Bf1 Bxf1 19. Kxf1 Qb7 20. Qd3 f5 21. exf5
Rxf5 22. Kg1 Qd5 23. Qb3 Qxb3 24. axb3 Rd5 25. Rac1 Ra7 26. Rc4 Kf7 27. Rec1
Ke7 28. Kg2 Rb7 1/2-1/2

[Event "BL 1011 SV Mülheim Nord - SF Katernberg"]
[Site "?"]
[Date "2011.02.04"]
[Round "7.6"]
[White "Feygin, Michael"]
[Black "Thesing, Matthias"]
[Result "1/2-1/2"]
[WhiteElo "2526"]
[BlackElo "2432"]
[PlyCount "70"]
[EventDate "2011.??.??"]

1. e4 c5 2. Nf3 e6 3. d4 cxd4 4. Nxd4 a6 5. Bd3 Nf6 6. O-O Qc7 7. Be3 d5 8. Nd2
Nbd7 9. exd5 Nxd5 10. Bg5 Bd6 11. Qh5 N7f6 12. Qh4 h6 13. N2f3 Bf4 14. Bxf4
Qxf4 15. Qxf4 Nxf4 16. Rfd1 Nxd3 17. Rxd3 O-O 18. c4 Re8 19. Re1 Bd7 20. Ne5
Rac8 21. b3 Rc7 22. Red1 Bc8 23. f3 Kf8 24. Kf2 Ng8 25. Ne2 Nf6 26. Nc3 Ke7 27.
Re3 Rd8 28. Rxd8 Kxd8 29. b4 Ke7 30. c5 Bd7 31. Nc4 Bc6 32. Nb6 Ke8 33. a4 Kf8
34. Rd3 Ke7 35. Ke3 g5 1/2-1/2

[Event "BL 1011 SV Mülheim Nord - SF Katernberg"]
[Site "?"]
[Date "2011.02.04"]
[Round "7.8"]
[White "Levin, Felix"]
[Black "Scholz, Christian"]
[Result "1-0"]
[WhiteElo "2482"]
[BlackElo "2387"]
[PlyCount "118"]
[EventDate "2011.??.??"]

1. d4 d5 2. c4 dxc4 3. Nf3 Nf6 4. e3 e6 5. Bxc4 c5 6. O-O a6 7. Bb3 b5 8. Nc3
Bb7 9. e4 cxd4 10. Nxd4 Nc6 11. Be3 Nxd4 12. Bxd4 Be7 13. f3 Rc8 14. Ne2 O-O
15. Be3 Bc5 16. Bxc5 Rxc5 17. Qxd8 Rxd8 18. Rac1 Rxc1 19. Rxc1 Kf8 20. Kf2 Ke7
21. Ke3 Rc8 22. Rxc8 Bxc8 23. e5 Nd7 24. f4 Bb7 25. g3 f6 26. Kd4 Nb8 27. exf6+
gxf6 28. Bc2 h6 29. Nc3 Kd6 30. Ne4+ Bxe4 31. Bxe4 e5+ 32. fxe5+ fxe5+ 33. Ke3
Nd7 34. b4 Kc7 35. g4 Kb6 36. h4 a5 37. a3 axb4 38. axb4 Kc7 39. g5 hxg5 40.
hxg5 Kd6 41. Kf3 Nb6 42. Kg4 Ke6 43. Bc6 Kf7 44. Bxb5 e4 45. Kf5 e3 46. Be2 Nd5
47. Bh5+ Kg7 48. b5 Ne7+ 49. Ke4 e2 50. Bxe2 Kg6 51. Kf4 Nd5+ 52. Ke5 Nc3 53.
b6 Na4 54. b7 Nc5 55. b8=Q Nd7+ 56. Kf4 Nxb8 57. Bb5 Kg7 58. Kf5 Kf7 59. g6+
Kg7 1-0

[Event "BL 1011 SC Eppingen - Bayern München"]
[Site "?"]
[Date "2011.02.05"]
[Round "8.1"]
[White "Bromberger, Stefan"]
[Black "Balogh, Csaba"]
[Result "1/2-1/2"]
[WhiteElo "2530"]
[BlackElo "2608"]
[PlyCount "54"]
[EventDate "2011.??.??"]

1. e4 e5 2. Nf3 Nc6 3. Bb5 Nf6 4. O-O Nxe4 5. d4 Nd6 6. Bxc6 dxc6 7. dxe5 Nf5
8. Qxd8+ Kxd8 9. Nc3 Ke8 10. h3 h6 11. b3 a5 12. Bb2 h5 13. Rad1 Be7 14. Rfe1
Be6 15. Ne2 a4 16. Bc3 c5 17. Nf4 Rh6 18. g4 hxg4 19. hxg4 Nh4 20. Nxh4 Rxh4
21. f3 axb3 22. axb3 c4 23. Nxe6 fxe6 24. bxc4 Ra3 25. Rd3 Ra4 26. Re4 Ra2 27.
Re2 Ra4 1/2-1/2

[Event "BL 1011 SC Eppingen - Bayern München"]
[Site "?"]
[Date "2011.02.05"]
[Round "8.2"]
[White "Postny, Evgeny"]
[Black "Reiss, Tibor"]
[Result "1-0"]
[WhiteElo "2595"]
[BlackElo "2403"]
[PlyCount "109"]
[EventDate "2011.??.??"]

1. d4 d5 2. c4 c6 3. Nf3 Nf6 4. Nc3 e6 5. Bg5 Nbd7 6. cxd5 exd5 7. e3 Qa5 8.
Nd2 Ne4 9. Ncxe4 dxe4 10. Bh4 Bb4 11. a3 Bxd2+ 12. Qxd2 Qxd2+ 13. Kxd2 Nb6 14.
f3 f5 15. Be2 Be6 16. Rac1 Kd7 17. Bg3 Raf8 18. Be5 Rf7 19. Rhf1 Rhf8 20. h3 g6
21. Rf2 Bd5 22. f4 Na4 23. b3 Nb6 24. Kc2 Be6 25. g4 Nd5 26. Kd2 Ne7 27. Rg2
Kc8 28. b4 a6 29. a4 Kd7 30. Ra1 Ra8 31. Rgg1 Rff8 32. gxf5 gxf5 33. Rg7 Rf7
34. Rag1 Raf8 35. Bh5 Ng6 36. Bxg6 hxg6 37. R1xg6 Rxg7 38. Bxg7 Rg8 39. h4 Bf7
40. Rg5 Ke6 41. a5 Be8 42. Kc3 Kf7 43. Be5 Rxg5 44. fxg5 Ke6 45. Kc4 Bf7 46.
Kc5 Kd7 47. Bf4 Bg6 48. d5 cxd5 49. Kxd5 Ke7 50. Ke5 Kf7 51. Bg3 Ke7 52. Be1
Kf7 53. Bc3 Ke7 54. Bd4 Kf7 55. Bc5 1-0

[Event "BL 1011 SC Eppingen - Bayern München"]
[Site "?"]
[Date "2011.02.05"]
[Round "8.3"]
[White "Renner, Christoph"]
[Black "Gyimesi, Zoltan"]
[Result "0-1"]
[WhiteElo "2420"]
[BlackElo "2595"]
[PlyCount "78"]
[EventDate "2011.??.??"]

1. d4 Nf6 2. Bf4 d5 3. e3 c5 4. c3 Nc6 5. Nd2 cxd4 6. exd4 g6 7. Ngf3 Bg7 8.
Be2 O-O 9. O-O Nh5 10. Be3 Qc7 11. Re1 Nf6 12. g3 Bg4 13. Bf4 Qd8 14. Ne5 Bxe2
15. Qxe2 e6 16. h4 Rc8 17. Ng4 Nxg4 18. Qxg4 Re8 19. Nf3 Qf6 20. Nh2 Qf5 21.
Qf3 h5 22. Re2 Bxd4 23. cxd4 Nxd4 24. Qe3 Nxe2+ 25. Qxe2 e5 26. Bd2 Rc2 27. g4
hxg4 28. Nxg4 Kg7 29. f3 d4 30. Re1 Rh8 31. Qf2 f6 32. Re4 Rhc8 33. Qg2 Kh7 34.
Re2 Rxb2 35. h5 gxh5 36. Qh3 Rg8 37. Rg2 Rg6 38. Qh4 Kg7 39. Rh2 Qxf3 0-1

[Event "BL 1011 SC Eppingen - Bayern München"]
[Site "?"]
[Date "2011.02.05"]
[Round "8.4"]
[White "Acs, Peter"]
[Black "Belezky, Alexander"]
[Result "1-0"]
[WhiteElo "2601"]
[BlackElo "2454"]
[PlyCount "43"]
[EventDate "2011.??.??"]

1. e4 e6 2. d4 d5 3. Nc3 dxe4 4. Nxe4 Nd7 5. Nf3 Ngf6 6. Bd3 c5 7. O-O cxd4 8.
Nxd4 Nc5 9. Bg5 h6 10. Bb5+ Ncd7 11. Bxf6 gxf6 12. Qh5 Ke7 13. Rad1 Qc7 14.
Rfe1 Ne5 15. Qh4 Bg7 16. Nxf6 Bxf6 17. Nf5+ exf5 18. Rxe5+ Qxe5 19. Qb4+ Ke6
20. Bc4+ Qd5 21. Bxd5+ Ke5 22. f4# 1-0

[Event "BL 1011 SC Eppingen - Bayern München"]
[Site "?"]
[Date "2011.02.05"]
[Round "8.5"]
[White "Meister, Peter"]
[Black "Ruck, Robert"]
[Result "1/2-1/2"]
[WhiteElo "2446"]
[BlackElo "2555"]
[PlyCount "59"]
[EventDate "2011.??.??"]

1. d4 Nf6 2. c4 g6 3. Nc3 d5 4. Nf3 Bg7 5. e3 O-O 6. b4 b6 7. Ba3 c5 8. bxc5
bxc5 9. Rc1 Ne4 10. Bxc5 Nxc5 11. dxc5 Qa5 12. Qd2 dxc4 13. Bxc4 Rd8 14. Nd5
Qxd2+ 15. Nxd2 Rd7 16. Nb4 e6 17. c6 Rc7 18. Bb5 a6 19. Ba4 a5 20. Nd3 Ba6 21.
Nc5 Nxc6 22. Nxa6 Rxa6 23. Ke2 Rc8 24. Bb5 Rb6 25. a4 Bf8 26. Rc4 Bb4 27. Ne4
Na7 28. Rxc8+ Nxc8 29. Rd1 Nd6 30. Nxd6 1/2-1/2

[Event "BL 1011 SC Eppingen - Bayern München"]
[Site "?"]
[Date "2011.02.05"]
[Round "8.6"]
[White "Medvegy, Zoltan"]
[Black "Meissner, Bernd"]
[Result "1/2-1/2"]
[WhiteElo "2531"]
[BlackElo "2401"]
[PlyCount "94"]
[EventDate "2011.??.??"]

1. c4 Nf6 2. g3 g6 3. Bg2 Bg7 4. Nc3 d6 5. Nf3 O-O 6. O-O c5 7. d4 Nc6 8. dxc5
dxc5 9. Be3 Qa5 10. Qb3 Qb4 11. Qxb4 cxb4 12. Na4 Bg4 13. h3 Bxf3 14. Bxf3 Rac8
15. b3 Nd7 16. Rad1 Ndb8 17. Rd2 b6 18. Rfd1 Be5 19. Bg2 Kg7 20. Rd5 Rfd8 21.
f4 Bf6 22. Kf2 e6 23. Rxd8 Rxd8 24. Rxd8 Nxd8 25. Bc1 Ndc6 26. Nb2 Bc3 27. Nd3
Kf6 28. g4 h6 29. h4 Ke7 30. f5 exf5 31. gxf5 Bf6 32. Kg3 Nd4 33. e4 Ne2+ 34.
Kh3 Nxc1 35. Nxc1 Nc6 36. Nd3 Be5 37. Kg4 Kf6 38. fxg6 fxg6 39. h5 g5 40. c5
Bc7 41. cxb6 Bxb6 42. e5+ Nxe5+ 43. Nxe5 Kxe5 44. Bc6 Be3 45. Kf3 Bc1 46. Kg4
a5 47. Ba4 Kd4 1/2-1/2

[Event "BL 1011 SC Eppingen - Bayern München"]
[Site "?"]
[Date "2011.02.05"]
[Round "8.7"]
[White "Deglmann, Ludwig"]
[Black "Mann, Christian"]
[Result "1/2-1/2"]
[WhiteElo "2397"]
[BlackElo "2444"]
[PlyCount "42"]
[EventDate "2011.??.??"]

1. Nf3 Nf6 2. c4 g6 3. Nc3 Bg7 4. e4 c5 5. d4 cxd4 6. Nxd4 Nc6 7. Nc2 d6 8. Be2
O-O 9. O-O Nd7 10. Be3 Nc5 11. f3 Bxc3 12. bxc3 Qa5 13. Bh6 Qxc3 14. Bxf8 Kxf8
15. Rc1 Be6 16. Kh1 a5 17. Ne1 Qb2 18. Rc2 Qd4 19. Rd2 Qc3 20. Rc2 Qd4 21. Rd2
Qc3 1/2-1/2

[Event "BL 1011 SC Eppingen - Bayern München"]
[Site "?"]
[Date "2011.02.05"]
[Round "8.8"]
[White "Vogt, Lothar"]
[Black "Graf, Felix"]
[Result "1/2-1/2"]
[WhiteElo "2423"]
[BlackElo "2341"]
[PlyCount "57"]
[EventDate "2011.??.??"]

1. c4 c6 2. e4 e6 3. d4 d5 4. Nc3 Bb4 5. cxd5 exd5 6. e5 c5 7. Bb5+ Nc6 8. Nge2
Nge7 9. O-O O-O 10. Bxc6 Nxc6 11. dxc5 Bg4 12. f3 Bxc5+ 13. Kh1 Be6 14. f4 Bg4
15. Qe1 Qd7 16. a3 Rad8 17. Bd2 Nd4 18. Nxd4 Bxd4 19. Qg3 Bf5 20. Rad1 Bb6 21.
Rfe1 Rfe8 22. h3 h6 23. Bc1 Qc6 24. Qf3 d4 25. Qxc6 bxc6 26. Ne4 Bxe4 27. Rxe4
f5 28. Ree1 c5 29. b3 1/2-1/2

[Event "BL 1011 OSG Baden Baden - Nickelhütte A"]
[Site "?"]
[Date "2011.02.05"]
[Round "8.1"]
[White "Vasilevich, Tatjana"]
[Black "Movsesian, Sergej"]
[Result "0-1"]
[WhiteElo "2399"]
[BlackElo "2723"]
[PlyCount "110"]
[EventDate "2011.??.??"]

1. d4 d6 2. g3 g6 3. Bg2 Bg7 4. c4 Nf6 5. Nc3 O-O 6. h3 Nc6 7. e3 Bd7 8. Nge2
Qc8 9. b3 e5 10. Kf1 h5 11. Kg1 Nh7 12. Kh2 Ng5 13. d5 Ne7 14. e4 Nh7 15. Rf1
f5 16. exf5 gxf5 17. f4 Ng6 18. Be3 Qe8 19. Qd2 h4 20. gxh4 Nxh4 21. Bh1 Nf6
22. Ng3 Qg6 23. Nce2 Kf7 24. Rac1 Rh8 25. Kg1 e4 26. Kf2 Nf3 27. Bxf3 exf3 28.
Kxf3 Rxh3 29. Rh1 Ne4 30. Qe1 Qg4+ 31. Kg2 Rxh1 32. Qxh1 Rh8 33. Qe1 Bf6 34. b4
Qh3+ 35. Kf3 Re8 36. Rc2 Ba4 37. Rc1 Bh4 38. Bf2 Qg4+ 39. Kg2 Nxg3 40. Ra1 Ra8
41. Ng1 c5 42. Nf3 a6 43. Nd4 Be7 44. Be3 b5 45. Qxg3 cxb4 46. a3 Rf8 47. Re1
Ra8 48. Kg1 Rd8 49. Rf1 Ra8 50. Rf2 Kg8 51. Rf1 Qg6 52. Kh2 Kf7 53. Ne2 Kg8 54.
Kg1 Kf7 55. Rc1 bxa3 0-1

[Event "BL 1011 OSG Baden Baden - Nickelhütte A"]
[Site "?"]
[Date "2011.02.05"]
[Round "8.3"]
[White "Diebl, Lutz"]
[Black "Nielsen, Peter-Heine"]
[Result "0-1"]
[WhiteElo "2222"]
[BlackElo "2670"]
[PlyCount "58"]
[EventDate "2011.??.??"]

1. Nc3 c5 2. Nf3 Nc6 3. d4 cxd4 4. Nxd4 g6 5. Be3 Nf6 6. Qd2 Ng4 7. Bg5 Bg7 8.
e3 Qa5 9. Nf3 O-O 10. Be2 d6 11. O-O Be6 12. h3 Nge5 13. Nxe5 Bxe5 14. f4 Bg7
15. Bf3 d5 16. Kh1 Rfd8 17. Qe1 h6 18. Bh4 d4 19. Bxc6 dxc3 20. Bf3 Qc7 21. b3
Rd2 22. Rc1 Rad8 23. Qg3 R8d7 24. Qh2 Bd5 25. e4 Bc6 26. Be1 Bb5 27. Rf2 Qb6
28. g3 Qe3 29. Bxd2 Rxd2 0-1